[Event "European Chess Club Cup 2023"]
[Site "Durres, Albania"]
[Date "2023.10.06"]
[Round "6.52"]
[White "Razafindratsima, Timothe"]
[Black "Boraso, Alessio"]
[Result "1-0"]
[TimeControl "90' + 30' & 30\""]
[WhiteElo "2459"]
[BlackElo "2258"]

1. e4 {[%clk 01:30:59]} d5 {[%clk 01:21:47]} {[%emt 01:55:12]} 2. d4 {[%clk
01:31:19]} {[%emt 23:52:27]} e6 {[%clk 01:31:04]} {[%emt 00:00:04]} 3. e5
{[%clk 01:31:41]} {[%emt 00:00:09]} c5 {[%clk 01:31:21]} {[%emt 00:00:13]} 4.
c3 {[%clk 01:32:04]} {[%emt 00:00:07]} Nc6 {[%clk 01:31:42]} {[%emt 00:00:08]}
5. Nf3 {[%clk 01:32:26]} {[%emt 00:00:09]} Bd7 {[%clk 01:31:35]} {[%emt
00:00:36]} 6. Be2 {[%clk 01:32:39]} {[%emt 00:00:19]} Nge7 {[%clk 01:30:57]}
{[%emt 00:01:07]} 7. Na3 {[%clk 01:31:44]} {[%emt 00:01:25]} cxd4 {[%clk
01:30:23]} {[%emt 00:01:03]} 8. cxd4 {[%clk 01:32:10]} {[%emt 00:00:05]} Nf5
{[%clk 01:30:32]} {[%emt 00:00:20]} 9. Nc2 {[%clk 01:32:15]} {[%emt 00:00:26]}
Qa5+ {[%clk 01:30:24]} {[%emt 00:00:38]} 10. Kf1 {[%clk 01:32:35]} {[%emt
00:00:10]} Be7 {[%clk 01:27:31]} {[%emt 00:03:23]} 11. h4 {[%clk 01:29:07]}
{[%emt 00:03:58]} h5 {[%clk 01:23:38]} {[%emt 00:04:23]} 12. g3 {[%clk
01:23:42]} {[%emt 00:05:55]} Qb6 {[%clk 01:13:53]} {[%emt 00:10:14]} 13. Bd3
{[%clk 01:20:13]} {[%emt 00:04:00]} a5 {[%clk 01:05:40]} {[%emt 00:08:43]} 14.
Kg2 {[%clk 01:19:12]} {[%emt 00:01:30]} Nb4 {[%clk 00:49:13]} {[%emt 00:16:58]}
15. Nxb4 {[%clk 01:15:44]} {[%emt 00:03:59]} axb4 {[%clk 00:48:27]} {[%emt
00:01:16]} 16. Bxf5 {[%clk 01:16:10]} {[%emt 00:00:04]} exf5 {[%clk 00:48:47]}
{[%emt 00:00:09]} 17. Bg5 {[%clk 01:16:38]} {[%emt 00:00:03]} Bxg5 {[%clk
00:31:44]} {[%emt 00:17:33]} 18. Nxg5 {[%clk 01:17:01]} {[%emt 00:00:07]} Rc8
{[%clk 00:29:19]} {[%emt 00:02:53]} 19. Re1 {[%clk 00:56:33]} {[%emt 00:20:58]}
Rc4 {[%clk 00:26:36]} {[%emt 00:03:13]} 20. Qf3 {[%clk 00:57:00]} {[%emt
00:00:05]} Be6 {[%clk 00:21:51]} {[%emt 00:05:15]} 21. Rad1 {[%clk 00:52:53]}
{[%emt 00:04:36]} g6 {[%clk 00:15:07]} {[%emt 00:07:14]} 22. Qe3 {[%clk
00:44:42]} {[%emt 00:08:41]} Kd7 {[%clk 00:12:24]} {[%emt 00:03:14]} 23. Nh3
{[%emt 00:03:48]} Rhc8 {[%clk 00:10:54]} {[%emt 00:01:46]} 24. Nf4 {[%clk
00:41:57]} {[%emt 00:00:11]} Ke8 {[%clk 00:06:29]} {[%emt 00:04:55]} 25. a3
{[%clk 00:30:56]} {[%emt 00:11:31]} R8c6 {[%clk 00:04:30]} {[%emt 00:02:28]} 26.
Rd3 {[%clk 00:23:21]} {[%emt 00:08:05]} bxa3 {[%clk 00:02:39]} {[%emt
00:02:22]} 27. bxa3 {[%clk 00:23:47]} {[%emt 00:00:04]} Qa5 {[%clk 00:02:19]}
{[%emt 00:00:49]} 28. Rb1 {[%clk 00:23:42]} {[%emt 00:00:36]} b6 {[%clk
00:01:36]} {[%emt 00:01:13]} 29. Rbd1 {[%clk 00:17:26]} {[%emt 00:06:46]} Qa4
{[%clk 00:01:22]} {[%emt 00:00:45]} 30. Ne2 {[%clk 00:17:40]} {[%emt 00:00:16]}
Rc2 {[%clk 00:00:51]} {[%emt 00:01:00]} 31. R1d2 {[%clk 00:16:01]} {[%emt
00:02:09]} Rxd2 {[%clk 00:00:41]} {[%emt 00:00:40]} 32. Rxd2 {[%clk 00:16:26]}
{[%emt 00:00:05]} Qc4 {[%clk 00:00:40]} {[%emt 00:00:30]} 33. Rb2 {[%clk
00:16:37]} {[%emt 00:00:19]} Bc8 {[%clk 00:00:43]} {[%emt 00:00:28]} 34. Qh6
{[%clk 00:06:59]} {[%emt 00:10:09]} Ba6 {[%clk 00:00:40]} {[%emt 00:00:32]} 35.
Qh8+ {[%clk 00:07:20]} {[%emt 00:00:09]} Ke7 {[%clk 00:00:58]} {[%emt
00:00:11]} 36. Qb8 {[%clk 00:07:38]} {[%emt 00:00:12]} Qd3 {[%clk 00:00:44]}
{[%emt 00:00:45]} 37. Kh2 {[%clk 00:04:47]} {[%emt 00:03:21]} Qxa3 {[%clk
00:00:59]} {[%emt 00:00:14]} 38. Qa7+ {[%clk 00:05:11]} {[%emt 00:00:07]} Kf8
{[%clk 00:01:02]} {[%emt 00:00:28]} 39. Rd2 {[%clk 00:04:49]} {[%emt 00:00:52]}
Qa5 {[%clk 00:00:49]} {[%emt 00:00:42]} 40. Rb2 {[%clk 00:04:24]} {[%emt
00:00:54]} Qa3 {[%clk 00:00:33]} {[%emt 00:00:47]} 41. Rd2 {[%clk 00:27:35]}
{[%emt 00:07:19]} Qa5 {[%clk 00:27:18]} {[%emt 00:03:44]} 42. Rb2 {[%clk
00:27:44]} {[%emt 00:00:22]} Bxe2 {[%clk 00:22:10]} {[%emt 00:05:37]} 43. Qb8+
{[%clk 00:28:11]} {[%emt 00:00:04]} Kg7 {[%clk 00:22:31]} {[%emt 00:00:09]} 44.
Rxe2 {[%clk 00:28:39]} {[%emt 00:00:02]} Qb5 {[%clk 00:21:39]} {[%emt
00:01:22]} 45. Ra2 {[%clk 00:27:03]} {[%emt 00:02:06]} Qf1 {[%clk 00:18:30]}
{[%emt 00:03:39]} 46. Qd8 {[%clk 00:27:30]} {[%emt 00:00:04]} f4 {[%clk
00:12:12]} {[%emt 00:06:48]} 47. gxf4 {[%clk 00:23:51]} {[%emt 00:04:09]} Qc1
{[%clk 00:11:08]} {[%emt 00:01:32]} 48. Qg5 {[%clk 00:24:18]} {[%emt 00:00:03]}
b5 {[%clk 00:07:55]} {[%emt 00:03:43]} 49. Qg3 {[%clk 00:11:25]} {[%emt
00:13:24]} Qb1 {[%clk 00:07:02]} {[%emt 00:01:23]} 50. Ra7 {[%clk 00:11:28]}
{[%emt 00:00:28]} Rc1 {[%clk 00:05:29]} {[%emt 00:02:02]} 51. Qf3 {[%clk
00:11:06]} {[%emt 00:00:52]} Qf5 {[%clk 00:05:16]} {[%emt 00:00:43]} 52. Qe3
{[%clk 00:11:34]} {[%emt 00:00:03]} Qb1 {[%clk 00:03:02]} {[%emt 00:02:43]} 53.
Qf3 {[%clk 00:12:01]} {[%emt 00:00:04]} Qf5 {[%clk 00:03:28]} {[%emt 00:00:03]}
54. Re7 {[%clk 00:10:36]} {[%emt 00:01:55]} Re1 {[%clk 00:02:53]} {[%emt
00:01:04]} 55. Kg2 {[%clk 00:08:20]} {[%emt 00:02:47]} Re4 {[%clk 00:02:58]}
{[%emt 00:00:25]} 56. Qh3 {[%clk 00:08:48]} {[%emt 00:00:02]} Qxh3+ {[%clk
00:02:11]} {[%emt 00:01:18]} 57. Kxh3 {[%clk 00:09:14]} Kf8 {[%clk 00:01:18]}
{[%emt 00:01:26]} 58. Rd7 {[%clk 00:08:07]} Rxd4 {[%clk 00:01:26]} {[%emt
00:01:59]} 59. Kg3 {[%clk 00:08:30]} {[%emt 00:00:06]} Rd3+ {[%clk 00:01:36]}
{[%emt 00:00:20]} 60. f3 {[%clk 00:08:58]} {[%emt 00:00:02]} b4 {[%clk
00:00:59]} {[%emt 00:01:07]} 61. f5 {[%clk 00:07:54]} {[%emt 00:01:35]} gxf5
{[%clk 00:01:21]} {[%emt 00:00:08]} 62. Kf4 {[%clk 00:08:20]} {[%emt 00:00:04]}
b3 {[%clk 00:01:36]} {[%emt 00:00:16]} 63. Kg5 {[%clk 00:05:44]} {[%emt
00:03:06]} Ke8 {[%clk 00:01:26]} {[%emt 00:00:39]} 64. Rb7 {[%clk 00:05:21]}
{[%emt 00:00:54]} Rc3 {[%clk 00:00:56]} {[%emt 00:00:59]} 65. Kf6 {[%clk
00:05:09]} {[%emt 00:00:42]} d4 {[%clk 00:00:32]} {[%emt 00:00:54]} 66. Rxf7
{[%clk 00:04:47]} {[%emt 00:00:53]} Rc6+ {[%clk 00:00:33]} {[%emt 00:00:29]} 67.
e6 {[%clk 00:05:13]} {[%emt 00:00:03]} d3 {[%clk 00:00:40]} {[%emt 00:00:23]}
68. Rh7 {[%clk 00:03:24]} {[%emt 00:02:19]} Kd8 {[%clk 00:00:53]} {[%emt
00:00:17]} 69. Rd7+ {[%clk 00:03:51]} {[%emt 00:00:03]} Ke8 {[%clk 00:00:42]}
{[%emt 00:00:41]} 70. Rxd3 {[%clk 00:03:16]} {[%emt 00:01:05]} Rb6 {[%clk
00:01:01]} {[%emt 00:00:11]} 71. Rc3 {[%clk 00:03:43]} {[%emt 00:00:03]} Rb8
{[%clk 00:00:48]} {[%emt 00:00:43]} 72. Rc1 {[%clk 00:03:45]} {[%emt 00:00:28]}
b2 {[%clk 00:00:59]} {[%emt 00:00:19]} 73. Rg1 {[%clk 00:04:13]} {[%emt
00:00:03]} Kd8 {[%clk 00:01:09]} {[%emt 00:00:19]} 74. e7+ {[%clk 00:04:32]}
{[%emt 00:00:11]} Kc7 {[%clk 00:00:32]} {[%emt 00:01:07]} 75. Kf7 {[%clk
00:04:55]} {[%emt 00:00:07]} Kd6 {[%clk 00:00:32]} {[%emt 00:00:30]} 76. e8=Q
{[%clk 00:04:49]} {[%emt 00:00:36]} Rxe8 {[%clk 00:00:52]} {[%emt 00:00:10]} 77.
Kxe8 {[%clk 00:05:15]} {[%emt 00:00:04]} Ke5 {[%clk 00:01:17]} {[%emt
00:00:04]} 78. Kf7 {[%clk 00:05:37]} {[%emt 00:00:09]} f4 {[%clk 00:00:58]}
{[%emt 00:00:49]} 79. Rb1 {[%clk 00:05:46]} {[%emt 00:00:20]} 1-0

[Event "European Chess Club Cup 2023"]
[Site "Durres, Albania"]
[Date "2023.10.06"]
[Round "6.53"]
[White "Massironi, Marco"]
[Black "Guliyev, Namig"]
[Result "1/2-1/2"]
[TimeControl "90' + 30' & 30\""]
[WhiteElo "2144"]
[BlackElo "2531"]

1. e4 {[%clk 01:30:23]} {[%emt 00:00:36]} c5 {[%clk 01:30:54]} {[%emt
00:00:06]} 2. Nf3 {[%clk 01:30:48]} {[%emt 00:00:05]} d6 {[%clk 01:31:21]}
{[%emt 00:00:04]} 3. d4 {[%clk 01:31:12]} {[%emt 00:00:06]} cxd4 {[%clk
01:31:46]} {[%emt 00:00:05]} 4. Nxd4 {[%clk 01:31:38]} {[%emt 00:00:03]} Nf6
{[%clk 01:32:10]} {[%emt 00:00:07]} 5. Nc3 {[%clk 01:32:05]} {[%emt 00:00:03]}
a6 {[%clk 01:29:29]} {[%emt 00:03:11]} 6. Bg5 {[%clk 01:32:11]} {[%emt
00:00:24]} Nbd7 {[%clk 01:29:34]} {[%emt 00:00:25]} 7. a3 {[%clk 01:31:12]}
{[%emt 00:01:28]} h6 {[%clk 01:22:06]} {[%emt 00:07:59]} 8. Bxf6 {[%clk
01:30:57]} {[%emt 00:00:44]} Nxf6 {[%clk 01:22:30]} {[%emt 00:00:07]} 9. Bc4
{[%clk 01:31:21]} {[%emt 00:00:05]} e5 {[%clk 01:21:13]} {[%emt 00:01:48]} 10.
Nf5 {[%clk 01:25:01]} {[%emt 00:06:50]} Be6 {[%clk 01:21:10]} {[%emt 00:00:33]}
11. Qd3 {[%clk 01:11:16]} {[%emt 00:14:15]} Rc8 {[%clk 01:20:41]} {[%emt
00:00:58]} 12. Ne3 {[%clk 01:02:02]} {[%emt 00:09:44]} Be7 {[%clk 01:18:10]}
{[%emt 00:03:02]} 13. O-O {[%clk 00:55:01]} {[%emt 00:07:31]} O-O {[%clk
01:15:13]} {[%emt 00:03:27]} 14. Ncd5 {[%clk 00:50:29]} {[%emt 00:05:02]} Nd7
{[%clk 01:14:00]} {[%emt 00:01:42]} 15. Nxe7+ {[%clk 00:25:03]} {[%emt
00:25:57]} Qxe7 {[%clk 01:14:04]} {[%emt 00:00:27]} 16. Bxe6 {[%clk 00:21:14]}
{[%emt 00:04:18]} fxe6 {[%clk 01:12:43]} {[%emt 00:01:51]} 17. Rad1 {[%clk
00:21:39]} {[%emt 00:00:04]} Rc6 {[%clk 01:12:49]} {[%emt 00:00:25]} 18. b4
{[%clk 00:18:17]} {[%emt 00:03:52]} Rfc8 {[%clk 01:10:31]} {[%emt 00:02:47]} 19.
c4 {[%clk 00:18:29]} {[%emt 00:00:19]} Nf6 {[%clk 01:02:54]} {[%emt 00:08:07]}
20. a4 {[%clk 00:13:01]} {[%emt 00:05:58]} Ne8 {[%clk 01:01:25]} {[%emt
00:01:58]} 21. Rd2 {[%clk 00:11:33]} {[%emt 00:01:59]} a5 {[%clk 01:01:20]}
{[%emt 00:00:35]} 22. bxa5 {[%clk 00:11:16]} {[%emt 00:00:47]} Ra6 {[%clk
01:01:08]} {[%emt 00:00:43]} 23. Rb1 {[%clk 00:08:14]} {[%emt 00:03:31]} Rxa5
{[%clk 01:01:25]} {[%emt 00:00:13]} 24. Qb3 {[%clk 00:08:40]} {[%emt 00:00:04]}
Rc7 {[%clk 01:00:27]} {[%emt 00:01:29]} 25. g3 {[%clk 00:08:34]} {[%emt
00:00:36]} Kh8 {[%clk 01:00:23]} {[%emt 00:00:33]} 26. Kg2 {[%clk 00:08:51]}
{[%emt 00:00:13]} Nf6 {[%clk 00:59:59]} {[%emt 00:00:54]} 27. Qb4 {[%clk
00:08:56]} {[%emt 00:00:26]} Ra6 {[%clk 01:00:03]} {[%emt 00:00:26]} 28. f3
{[%clk 00:09:11]} {[%emt 00:00:14]} Nd7 {[%clk 01:00:12]} {[%emt 00:00:21]} 29.
a5 {[%clk 00:07:54]} {[%emt 00:01:48]} Nc5 {[%clk 01:00:15]} {[%emt 00:00:26]}
30. Qc3 {[%clk 00:07:33]} {[%emt 00:00:50]} Rc8 {[%clk 01:00:07]} {[%emt
00:00:39]} 31. Rb5 {[%clk 00:07:46]} {[%emt 00:00:18]} Rca8 {[%clk 00:58:48]}
{[%emt 00:01:48]} 32. Ng4 {[%clk 00:07:34]} {[%emt 00:00:42]} Qc7 {[%clk
00:59:02]} {[%emt 00:00:16]} 33. Nf2 {[%clk 00:06:21]} {[%emt 00:01:43]} Rxa5
{[%clk 00:59:13]} {[%emt 00:00:20]} 34. Rxa5 {[%clk 00:06:38]} {[%emt
00:00:13]} Rxa5 {[%clk 00:59:23]} {[%emt 00:00:19]} 35. Rxd6 {[%clk 00:05:38]}
{[%emt 00:01:29]} Ra2 {[%clk 00:57:42]} {[%emt 00:02:12]} 36. Rd2 {[%clk
00:03:51]} {[%emt 00:02:18]} Na4 {[%clk 00:57:27]} {[%emt 00:00:44]} 37. Qd3
{[%clk 00:03:57]} {[%emt 00:00:24]} Rxd2 {[%clk 00:57:37]} {[%emt 00:00:20]} 38.
Qxd2 {[%clk 00:04:21]} {[%emt 00:00:06]} Qxc4 {[%clk 00:57:51]} {[%emt
00:00:16]} 39. Qd8+ {[%clk 00:04:48]} {[%emt 00:00:03]} Kh7 {[%clk 00:58:14]}
{[%emt 00:00:07]} 40. Qe8 {[%clk 00:02:09]} {[%emt 00:03:09]} Nc5 {[%clk
00:56:52]} {[%emt 00:01:53]} 41. h4 {[%clk 00:29:53]} {[%emt 00:02:45]} Qd4
{[%clk 01:21:05]} {[%emt 00:06:16]} 42. h5 {[%clk 00:26:20]} {[%emt 00:04:04]}
Qd7 {[%clk 01:19:48]} {[%emt 00:01:47]} 43. Qb8 {[%clk 00:20:51]} {[%emt
00:06:00]} Qd2 {[%clk 01:18:17]} {[%emt 00:02:00]} 44. Qe8 {[%clk 00:16:16]}
{[%emt 00:05:05]} Qg5 {[%clk 01:15:06]} {[%emt 00:03:42]} 45. Qb5 {[%clk
00:13:40]} {[%emt 00:03:06]} Qe7 {[%clk 01:10:03]} {[%emt 00:05:33]} 46. Ng4
{[%clk 00:13:33]} {[%emt 00:00:37]} Qd6 {[%clk 01:10:21]} {[%emt 00:00:11]} 47.
Qe8 {[%clk 00:13:48]} {[%emt 00:00:15]} Qd2+ {[%clk 01:10:11]} {[%emt
00:00:40]} 48. Nf2 {[%clk 00:13:17]} {[%emt 00:01:01]} Qd7 {[%clk 01:10:33]}
{[%emt 00:00:08]} 49. Qb8 {[%clk 00:13:31]} {[%emt 00:00:17]} b5 {[%clk
01:09:22]} {[%emt 00:01:40]} 50. Qxe5 {[%clk 00:12:33]} {[%emt 00:01:29]} Na4
{[%clk 01:07:50]} {[%emt 00:02:02]} 51. Qb8 {[%clk 00:09:37]} {[%emt 00:03:25]}
Nb2 {[%clk 01:06:52]} {[%emt 00:01:28]} 52. e5 {[%clk 00:07:05]} {[%emt
00:03:03]} Nc4 {[%clk 01:06:45]} {[%emt 00:00:36]} 53. Ne4 {[%clk 00:06:12]}
{[%emt 00:01:24]} Qd5 {[%clk 01:04:25]} {[%emt 00:02:50]} 54. Qe8 {[%clk
00:03:36]} {[%emt 00:03:06]} Nxe5 {[%clk 01:04:04]} {[%emt 00:00:52]} 55. Qe7
{[%clk 00:03:45]} {[%emt 00:00:20]} Nd7 {[%clk 00:57:40]} {[%emt 00:06:54]} 56.
Qf7 {[%clk 00:04:07]} {[%emt 00:00:08]} b4 {[%clk 00:57:28]} {[%emt 00:00:41]}
57. g4 {[%clk 00:02:43]} {[%emt 00:01:54]} b3 {[%clk 00:56:52]} {[%emt
00:01:07]} 58. g5 {[%clk 00:02:49]} {[%emt 00:00:24]} hxg5 {[%clk 00:57:10]}
{[%emt 00:00:12]} 59. Qg6+ {[%clk 00:02:45]} {[%emt 00:00:34]} Kg8 {[%clk
00:54:22]} {[%emt 00:03:19]} 60. h6 {[%clk 00:03:05]} {[%emt 00:00:09]} Qe5
{[%clk 00:54:03]} {[%emt 00:00:49]} 61. h7+ {[%clk 00:00:55]} {[%emt 00:02:40]}
Kh8 {[%clk 00:54:26]} {[%emt 00:00:06]} 62. Nxg5 {[%clk 00:00:56]} {[%emt
00:00:29]} Qe2+ {[%clk 00:54:24]} {[%emt 00:00:33]} 63. Kg3 {[%clk 00:01:08]}
{[%emt 00:00:19]} Qe1+ {[%clk 00:54:43]} {[%emt 00:00:09]} 64. Kg2 {[%clk
00:01:28]} {[%emt 00:00:11]} Qe2+ {[%clk 00:55:04]} {[%emt 00:00:09]} 65. Kg3
{[%clk 00:01:50]} {[%emt 00:00:08]} Qe1+ {[%clk 00:55:29]} {[%emt 00:00:06]}
1/2-1/2

[Event "European Chess Club Cup 2023"]
[Site "Durres, Albania"]
[Date "2023.10.06"]
[Round "6.54"]
[White "Nebolsina, Vera"]
[Black "Quaranta, Cristiano"]
[Result "1-0"]
[TimeControl "90' + 30' & 30\""]
[WhiteElo "2209"]
[BlackElo "2079"]

1. e4 {[%clk 01:30:22]} {[%emt 00:00:37]} c5 {[%clk 01:30:55]} {[%emt
00:00:05]} 2. Nf3 {[%clk 01:30:42]} {[%emt 00:00:11]} e6 {[%clk 01:31:20]}
{[%emt 00:00:05]} 3. c3 {[%clk 01:29:27]} {[%emt 00:01:44]} d5 {[%clk
01:31:00]} {[%emt 00:00:50]} 4. Bd3 {[%clk 01:13:04]} {[%emt 00:16:54]} Nf6
{[%clk 01:17:55]} {[%emt 00:13:35]} 5. e5 {[%clk 01:10:17]} {[%emt 00:03:17]}
Nfd7 {[%clk 01:18:16]} {[%emt 00:00:08]} 6. O-O {[%clk 01:10:26]} {[%emt
00:00:22]} Nc6 {[%clk 01:18:31]} {[%emt 00:00:14]} 7. Re1 {[%clk 01:10:45]}
{[%emt 00:00:11]} Qc7 {[%clk 01:18:40]} {[%emt 00:00:21]} 8. Qe2 {[%clk
01:06:57]} {[%emt 00:04:18]} g6 {[%clk 01:15:40]} {[%emt 00:03:31]} 9. Bc2
{[%clk 01:04:16]} {[%emt 00:03:11]} Bg7 {[%clk 01:11:07]} {[%emt 00:05:02]} 10.
d4 {[%clk 01:03:38]} {[%emt 00:01:08]} O-O {[%clk 01:11:14]} {[%emt 00:00:23]}
11. Bf4 {[%clk 01:00:48]} {[%emt 00:03:20]} Qb6 {[%clk 01:09:45]} {[%emt
00:01:59]} 12. Na3 {[%clk 00:42:34]} {[%emt 00:18:44]} cxd4 {[%clk 01:08:32]}
{[%emt 00:01:44]} 13. Rab1 {[%clk 00:37:17]} {[%emt 00:05:47]} a6 {[%clk
01:04:35]} {[%emt 00:04:26]} 14. c4 {[%clk 00:29:44]} {[%emt 00:08:03]} dxc4
{[%clk 00:36:58]} {[%emt 00:28:08]} 15. Nxc4 {[%clk 00:30:05]} {[%emt
00:00:09]} Qc5 {[%clk 00:37:20]} {[%emt 00:00:07]} 16. Rbc1 {[%clk 00:29:37]}
{[%emt 00:00:58]} Nb6 {[%clk 00:34:09]} {[%emt 00:03:41]} 17. Nd6 {[%clk
00:26:09]} {[%emt 00:03:59]} Qb4 {[%clk 00:23:22]} {[%emt 00:11:17]} 18. Bd2
{[%clk 00:13:00]} {[%emt 00:13:40]} Qxb2 {[%clk 00:22:13]} {[%emt 00:01:39]} 19.
Bb3 {[%clk 00:13:23]} {[%emt 00:00:06]} d3 {[%clk 00:20:03]} {[%emt 00:02:40]}
20. Qe3 {[%clk 00:06:22]} {[%emt 00:07:31]} Nxe5 {[%clk 00:14:05]} {[%emt
00:06:28]} 21. Nxe5 {[%clk 00:05:06]} {[%emt 00:01:46]} Bxe5 {[%clk 00:14:34]}
{[%emt 00:00:02]} 22. Qxe5 {[%clk 00:05:28]} {[%emt 00:00:08]} Qxd2 {[%clk
00:14:53]} {[%emt 00:00:10]} 23. Ne4 {[%clk 00:05:38]} {[%emt 00:00:20]} Qh6
{[%clk 00:12:25]} {[%emt 00:02:57]} 24. Nf6+ {[%clk 00:05:56]} {[%emt
00:00:13]} Kh8 {[%clk 00:12:52]} {[%emt 00:00:03]} 25. Rc3 {[%clk 00:02:39]}
{[%emt 00:03:47]} d2 {[%clk 00:04:09]} {[%emt 00:09:13]} 26. Rd1 {[%clk
00:03:00]} {[%emt 00:00:10]} Qg7 {[%clk 00:04:00]} {[%emt 00:00:39]} 27. Rxd2
{[%clk 00:01:50]} {[%emt 00:01:40]} Nd5 {[%clk 00:03:55]} {[%emt 00:00:35]} 28.
Bxd5 {[%clk 00:02:03]} {[%emt 00:00:17]} exd5 {[%clk 00:04:20]} {[%emt
00:00:05]} 29. g4 {[%clk 00:02:17]} {[%emt 00:00:16]} d4 {[%clk 00:00:44]}
{[%emt 00:04:06]} 30. Rh3 {[%clk 00:02:29]} {[%emt 00:00:18]} h6 {[%clk
00:01:02]} {[%emt 00:00:11]} 31. Qg5 {[%clk 00:02:43]} {[%emt 00:00:16]} h5
{[%clk 00:01:07]} {[%emt 00:00:26]} 32. Rxh5+ {[%clk 00:02:40]} {[%emt
00:00:33]} 1-0

[Event "European Chess Club Cup 2023"]
[Site "Durres, Albania"]
[Date "2023.10.06"]
[Round "6.55"]
[White "Ten Hertog, Hugo"]
[Black "Smeets, Jan"]
[Result "1-0"]
[TimeControl "90' + 30' & 30\""]
[WhiteElo "2525"]
[BlackElo "2548"]

1. Nf3 {[%clk 01:30:55]} {[%emt 00:00:05]} d5 {[%clk 01:30:22]} {[%emt
00:00:38]} 2. g3 {[%clk 01:31:18]} {[%emt 00:00:07]} Nf6 {[%clk 01:30:30]}
{[%emt 00:00:23]} 3. Bg2 {[%clk 01:31:41]} {[%emt 00:00:06]} e6 {[%clk
01:29:13]} {[%emt 00:01:47]} 4. O-O {[%clk 01:31:29]} {[%emt 00:00:42]} b5
{[%clk 01:28:52]} {[%emt 00:00:52]} 5. d3 {[%clk 01:24:25]} {[%emt 00:07:34]}
Bb7 {[%clk 01:28:24]} {[%emt 00:00:58]} 6. c4 {[%clk 01:22:46]} {[%emt
00:02:08]} a6 {[%clk 01:28:49]} {[%emt 00:00:06]} 7. cxd5 {[%clk 01:17:51]}
{[%emt 00:05:24]} exd5 {[%clk 01:29:02]} {[%emt 00:00:17]} 8. Nbd2 {[%clk
01:15:37]} {[%emt 00:02:44]} c5 {[%clk 01:28:32]} {[%emt 00:01:00]} 9. Nb3
{[%clk 01:11:58]} {[%emt 00:04:09]} Be7 {[%clk 00:56:46]} {[%emt 00:32:17]} 10.
Nh4 {[%clk 00:50:06]} {[%emt 00:22:20]} g6 {[%clk 00:47:09]} {[%emt 00:10:08]}
11. Bh6 {[%clk 00:45:20]} {[%emt 00:05:16]} Nbd7 {[%clk 00:34:51]} {[%emt
00:12:48]} 12. e4 {[%clk 00:31:35]} {[%emt 00:14:14]} dxe4 {[%clk 00:25:27]}
{[%emt 00:09:55]} 13. dxe4 {[%clk 00:31:56]} {[%emt 00:00:09]} c4 {[%clk
00:25:19]} {[%emt 00:00:38]} 14. e5 {[%clk 00:28:15]} {[%emt 00:04:10]} Ne4
{[%clk 00:24:54]} {[%emt 00:00:56]} 15. Qe2 {[%clk 00:19:39]} {[%emt 00:09:06]}
Ndc5 {[%clk 00:04:48]} {[%emt 00:20:36]} 16. Nxc5 {[%clk 00:19:08]} {[%emt
00:01:00]} Nxc5 {[%clk 00:05:16]} {[%emt 00:00:03]} 17. Bxb7 {[%clk 00:19:24]}
{[%emt 00:00:11]} Nxb7 {[%clk 00:05:43]} {[%emt 00:00:05]} 18. e6 {[%clk
00:15:20]} {[%emt 00:04:34]} Nc5 {[%clk 00:05:59]} {[%emt 00:00:16]} 19. Rad1
{[%clk 00:10:04]} {[%emt 00:05:45]} Nd3 {[%clk 00:06:00]} {[%emt 00:00:29]} 20.
exf7+ {[%clk 00:10:27]} {[%emt 00:00:07]} Kxf7 {[%clk 00:06:26]} {[%emt
00:00:05]} 21. Rfe1 {[%clk 00:10:51]} {[%emt 00:00:05]} Qd6 {[%clk 00:04:43]}
{[%emt 00:02:13]} 22. Qf3+ {[%clk 00:07:39]} {[%emt 00:03:41]} Bf6 {[%clk
00:05:09]} {[%emt 00:00:06]} 23. Bf4 {[%clk 00:01:36]} {[%emt 00:06:32]} Qc5
{[%clk 00:00:55]} {[%emt 00:04:44]} 24. b4 {[%clk 00:00:37]} {[%emt 00:01:29]}
Qb6 {[%clk 00:00:39]} {[%emt 00:00:46]} 25. Qd5+ {[%clk 00:00:50]} {[%emt
00:00:17]} Kg7 {[%clk 00:01:08]} {[%emt 00:00:01]} 26. Qd7+ {[%clk 00:01:01]}
{[%emt 00:00:18]} Kg8 {[%clk 00:01:23]} {[%emt 00:00:16]} 27. Rxd3 {[%clk
00:00:46]} {[%emt 00:00:45]} cxd3 {[%clk 00:01:46]} {[%emt 00:00:07]} 28. Bh6
{[%clk 00:01:05]} {[%emt 00:00:11]} 1-0